[Event "?"]
[Site "?"]
[Date "2011.06.03"]
[Round "5.8"]
[White "Arounopoulos, Stephan"]
[Black "Vaysberg, Alexander"]
[Result "0-1"]
[WhiteElo "2098"]
[BlackElo "2203"]
[PlyCount "52"]
[EventDate "2011.??.??"]
[WhiteTeam "SK e4 Gerlingen"]
[BlackTeam "SC Gross-Sachsenheim"]

1. d4 d5 2. Nf3 Nc6 3. c4 Bg4 4. e3 e5 5. dxe5 d4 6. exd4 Bxf3 7. Qxf3 Qxd4 8.
Nc3 Bb4 9. Bd2 Qxe5+ 10. Qe2 Nf6 11. Qxe5+ Nxe5 12. a3 Bc5 13. Bf4 Neg4 14. Bg3
O-O-O 15. h3 Nh6 16. Be2 Nf5 17. Be5 Bd4 18. Bxd4 Nxd4 19. O-O-O Nxe2+ 20. Nxe2
Ne4 21. f3 Nf2 22. Rxd8+ Rxd8 23. Rf1 Nd3+ 24. Kc2 Nxb2 25. Kxb2 Rd2+ 26. Kc3
Rxe2 0-1

[Event "?"]
[Site "?"]
[Date "2011.06.03"]
[Round "5.9"]
[White "Krockenberger, Martin"]
[Black "Lebeda, Timo"]
[Result "1-0"]
[WhiteElo "2178"]
[BlackElo "2013"]
[PlyCount "119"]
[EventDate "2011.??.??"]
[WhiteTeam "SK Schmiden/Cannstatt"]
[BlackTeam "SAbt VFB Reichenbach"]

1. c4 c6 2. g3 Nf6 3. Bg2 d5 4. Nf3 a6 5. O-O b5 6. b3 g6 7. Bb2 Bg7 8. d3 O-O
9. Nbd2 Bb7 10. Qc2 Nbd7 11. Bc3 Re8 12. d4 a5 13. Rac1 b4 14. Bb2 e6 15. Rfd1
Qe7 16. e4 dxe4 17. Nxe4 c5 18. Nxc5 Nxc5 19. dxc5 Ne4 20. Bxg7 Kxg7 21. Ne5
Nxc5 22. Bxb7 Qxb7 23. Qb2 f6 24. Qd4 Qc7 25. Nd7 Nxd7 26. Qxd7+ Re7 27. Qxc7
Rxc7 28. Rd6 Kf7 29. Rcd1 Ke7 30. Rb6 Rd7 31. Rxd7+ Kxd7 32. Kf1 f5 33. f4 h6
34. h4 g5 35. hxg5 hxg5 36. fxg5 a4 37. Rxb4 axb3 38. axb3 Rg8 39. Rb6 Rxg5 40.
Kf2 Rg4 41. c5 e5 42. Rf6 f4 43. gxf4 exf4 44. Rd6+ Kc7 45. Rd4 Rg3 46. b4 Kc6
47. Rxf4 Rb3 48. Rf6+ Kd5 49. Rf4 Kc6 50. Rf6+ Kd5 51. Rb6 Rc3 52. Ke2 Rc4 53.
Kd3 Rd4+ 54. Kc3 Rh4 55. Rd6+ Ke5 56. Rd1 Ke6 57. Kb3 Rh5 58. Kc4 Rh2 59. Kb5
Rh5 60. Kb6 1-0

[Event "?"]
[Site "?"]
[Date "2011.06.03"]
[Round "5.10"]
[White "Demel, Paul"]
[Black "Strunski, Andreas"]
[Result "0-1"]
[WhiteElo "2140"]
[BlackElo "2347"]
[PlyCount "56"]
[EventDate "2011.??.??"]
[WhiteTeam "SK Kriegshaber"]
[BlackTeam "Stuttgarter SF 1879"]

1. e4 c5 2. Nf3 e6 3. d4 cxd4 4. Nxd4 a6 5. Nc3 Qc7 6. Bd3 Nc6 7. Be3 Nf6 8.
Qe2 h5 9. Nxc6 dxc6 10. Bg5 e5 11. f4 Be7 12. O-O b5 13. a3 Bc5+ 14. Kh1 Ng4
15. f5 Bb7 16. Na2 Be7 17. Bxe7 Qxe7 18. Rf3 Rd8 19. a4 Rd4 20. axb5 cxb5 21.
c3 Rxd3 22. Rxd3 Qh4 23. h3 Nf2+ 24. Kg1 Nxd3 25. Qxd3 O-O 26. Nb4 Bxe4 27. Qe3
Rd8 28. Nxa6 Rd3 0-1

[Event "?"]
[Site "?"]
[Date "2011.06.03"]
[Round "5.11"]
[White "Schulte, Torsten"]
[Black "Holzhäuer, Mathias"]
[Result "0-1"]
[WhiteElo "2146"]
[BlackElo "2297"]
[PlyCount "46"]
[EventDate "2011.??.??"]
[WhiteTeam "SC Eppingen"]
[BlackTeam "SK Schmiden/Cannstatt"]

1. d4 Nf6 2. c4 Nc6 3. Nf3 e6 4. g3 d5 5. Bg2 dxc4 6. Qa4 Bb4+ 7. Bd2 Nd5 8.
Bxb4 Ndxb4 9. a3 b5 10. Qxb5 Nc2+ 11. Kd1 Bd7 12. Ra2 N6xd4 13. Qa5 Bc6 14.
Nbd2 O-O 15. Rg1 Nxf3 16. Bxf3 Bxf3 17. exf3 Nd4 18. Qc3 Qd7 19. Ke1 Rfd8 20.
Ra1 Rab8 21. Rb1 Nb5 22. Qc1 Qd3 23. Nxc4 Nd4 0-1

[Event "?"]
[Site "?"]
[Date "2011.06.03"]
[Round "5.12"]
[White "Bodrozic, Tomislav"]
[Black "Wagner, Florian"]
[Result "0-1"]
[WhiteElo "2104"]
[BlackElo "2249"]
[PlyCount "84"]
[EventDate "2011.??.??"]
[WhiteTeam "SF Birkenfeld"]
[BlackTeam "SC Noris-Tarrasch Nürnberg 1873"]

1. e4 c5 2. Nf3 e6 3. d3 b6 4. g3 Bb7 5. Bg2 Nc6 6. O-O Qc8 7. Re1 f6 8. c3 Nd8
9. d4 Nf7 10. d5 Bd6 11. Nfd2 Ne7 12. Nc4 Bb8 13. a4 O-O 14. Nba3 Ng6 15. f4
Re8 16. Be3 Bc7 17. b4 a6 18. d6 Bd8 19. Qd2 b5 20. Nb2 cxb4 21. cxb4 Bc6 22.
Bc5 Qb7 23. a5 Rc8 24. Rac1 Kh8 25. Rc2 Rg8 26. Nd3 Qb8 27. Nf2 Nf8 28. Rf1 Nh6
29. h4 f5 30. Rfc1 Qb7 31. Qe2 fxe4 32. Nxe4 Nf5 33. Kh2 e5 34. fxe5 Ne6 35.
Qd3 Bxh4 36. gxh4 Nf4 37. Qd2 Nxg2 38. Ng5 Rgf8 39. e6 h6 40. Nh3 Nfxh4 41. Qc3
Rf3 42. Qe5 Rxa3 0-1

[Event "?"]
[Site "?"]
[Date "2011.06.03"]
[Round "5.13"]
[White "Bräuner, Uwe"]
[Black "Häcker, Alexander"]
[Result "1/2-1/2"]
[WhiteElo "2122"]
[BlackElo "2249"]
[PlyCount "116"]
[EventDate "2011.??.??"]
[WhiteTeam "Erfurter SK"]
[BlackTeam "SV Stuttgart-Wolfbusch 1956 e.V."]

1. d4 d5 2. Nf3 c6 3. Bf4 Bf5 4. e3 e6 5. c4 Nd7 6. Qb3 Qb6 7. c5 Qxb3 8. axb3
Bxb1 9. Rxb1 Ngf6 10. h3 Ne4 11. Nd2 Nxd2 12. Kxd2 Be7 13. b4 a6 14. Bd3 O-O
15. g4 Rfe8 16. g5 Bd8 17. h4 e5 18. Bg3 f6 19. Bf5 Nf8 20. gxf6 Bxf6 21. dxe5
Bxe5 22. f4 Bc7 23. h5 a5 24. bxa5 Rxa5 25. b4 Ra2+ 26. Bc2 Nd7 27. Bh4 Bd8 28.
Bxd8 Rxd8 29. h6 Nf6 30. Kc3 Ne4+ 31. Bxe4 dxe4 32. Rbd1 Rd3+ 33. Rxd3 Ra3+ 34.
Kc4 Rxd3 35. Rg1 g6 36. Ra1 Rd7 37. b5 cxb5+ 38. Kxb5 Rd3 39. Kb6 Rb3+ 40. Kc7
Rb5 41. Ra8+ Kf7 42. Kd6 g5 43. fxg5 Rb3 44. Rb8 Kg6 45. Rg8+ Kh5 46. Rg7 Rb5
47. g6 Kxh6 48. Rxh7+ Kxg6 49. Re7 Rb4 50. Kd5 Rb5 51. Rxe4 Kf7 52. Kd6 Rb3 53.
Kc7 Rb5 54. Re5 b6 55. Kd6 Rxc5 56. Rxc5 bxc5 57. Kxc5 Ke6 58. Kd4 Kd6 1/2-1/2

[Event "?"]
[Site "?"]
[Date "2011.06.03"]
[Round "5.14"]
[White "Dudek, Richard"]
[Black "Jüttner, Andreas"]
[Result "1-0"]
[WhiteElo "2238"]
[BlackElo "2096"]
[PlyCount "115"]
[EventDate "2011.??.??"]
[WhiteTeam "SC Eppingen"]
[BlackTeam "FC Bayern München e.V."]

1. e4 e6 2. d4 d5 3. Nd2 Nf6 4. e5 Nfd7 5. Bd3 c5 6. c3 Nc6 7. Ne2 Qb6 8. Nf3
cxd4 9. cxd4 f6 10. exf6 Nxf6 11. O-O Bd6 12. Bf4 Bxf4 13. Nxf4 Qxb2 14. Re1
O-O 15. Nxe6 Bxe6 16. Rxe6 Rae8 17. Rxe8 Rxe8 18. Rb1 Qxa2 19. Rxb7 Ne4 20. Qc2
Qxc2 21. Bxc2 Rc8 22. Kf1 a5 23. Rb5 Nf6 24. Bb3 Rd8 25. Rc5 Rb8 26. Ba4 Nxd4
27. Nxd4 Rb4 28. Rc8+ Kf7 29. Rc7+ Kg8 30. Ne6 Rxa4 31. Rxg7+ Kh8 32. Rf7 Ng8
33. Rd7 Re4 34. Ng5 Re7 35. Rxd5 Ra7 36. Ne4 a4 37. Nc3 a3 38. Rd2 Ne7 39. Ra2
Nc6 40. Nb1 Nd4 41. Rxa3 Rc7 42. Rc3 Rb7 43. Nd2 Ra7 44. f3 Ra2 45. Rd3 Nf5 46.
Kf2 Kg7 47. g4 Nh4 48. Kg3 Ng6 49. Rd7+ Kg8 50. Ne4 h6 51. h4 Ra3 52. Rd5 Kf7
53. Rf5+ Kg7 54. Nd6 Rd3 55. Ne8+ Kg8 56. Nf6+ Kg7 57. Nh5+ Kg8 58. Nf4 1-0

[Event "?"]
[Site "?"]
[Date "2011.06.03"]
[Round "5.15"]
[White "Zikeli, Saskia"]
[Black "Aring, Gerd"]
[Result "0-1"]
[WhiteElo "2093"]
[BlackElo "2205"]
[PlyCount "52"]
[EventDate "2011.??.??"]
[WhiteTeam "SC Ingersheim e.V."]
[BlackTeam "SV Nürtingen 1920"]

1. c4 Nf6 2. Nc3 e6 3. e4 c5 4. e5 Ng8 5. Ne4 Nc6 6. Nd6+ Bxd6 7. exd6 Nd4 8.
Nf3 Qf6 9. d3 b6 10. Bg5 Nxf3+ 11. Qxf3 Qxf3 12. gxf3 Bb7 13. Be2 f6 14. Be3 e5
15. Rg1 g5 16. b4 cxb4 17. d4 exd4 18. Bxd4 Kf7 19. f4 gxf4 20. Bh5+ Kf8 21.
Kd2 Ba6 22. Rg4 Rc8 23. Re1 Bxc4 24. Rxf4 Bxa2 25. Rg1 Rc6 26. Re4 Bf7 0-1

[Event "?"]
[Site "?"]
[Date "2011.06.03"]
[Round "5.16"]
[White "Szenetra, Werner"]
[Black "Färber, Eric"]
[Result "0-1"]
[WhiteElo "2187"]
[BlackElo "2030"]
[PlyCount "108"]
[EventDate "2011.??.??"]
[WhiteTeam "SC Rastatt"]
[BlackTeam "SC Leinfelden"]

1. e4 d5 2. exd5 Qxd5 3. Nc3 Qa5 4. d4 Nf6 5. Nf3 Bf5 6. Bd2 c6 7. Bc4 e6 8. h3
Qc7 9. Bb3 Nbd7 10. Qe2 O-O-O 11. Nh4 Bg6 12. O-O-O Bd6 13. Nxg6 hxg6 14. g3
Nb6 15. Bg5 Nbd5 16. Ne4 Be7 17. Bd2 Nxe4 18. Qxe4 Nf6 19. Qe3 Qb6 20. Bc3 Nd5
21. Qd2 Nxc3 22. bxc3 Bf6 23. Kb1 c5 24. Qd3 cxd4 25. c4 Qb4 26. c5 Qxc5 27.
Qc4 Qxc4 28. Bxc4 g5 29. g4 Rh4 30. Bf1 Kc7 31. Rd3 g6 32. Rf3 Be5 33. Rxf7+
Rd7 34. Rxd7+ Kxd7 35. Kc1 Kd6 36. Kd2 Rh7 37. Bd3 Rh6 38. Be4 b6 39. Ke2 Kc5
40. Kf3 Kb4 41. Kg2 Ka3 42. Bd3 Kxa2 43. Re1 Bf4 44. Rxe6 Rh7 45. Re4 Rd7 46.
h4 a5 47. h5 gxh5 48. gxh5 Rd6 49. Kf3 a4 50. Bc4+ Kb2 51. Be6 Bd2 52. Ke2 Kxc2
53. h6 d3+ 54. Kf1 Bc3 0-1

[Event "?"]
[Site "?"]
[Date "2011.06.03"]
[Round "5.17"]
[White "Kvetny, Mark"]
[Black "Schiff, Armin"]
[Result "1-0"]
[WhiteElo "2071"]
[BlackElo "2160"]
[PlyCount "61"]
[EventDate "2011.??.??"]
[WhiteTeam "SV Altbach e.V."]
[BlackTeam "SC Reti Heusweiler"]

1. d4 d6 2. e4 e5 3. Nf3 exd4 4. Nxd4 Nf6 5. Nc3 Be7 6. g3 O-O 7. Bg2 c6 8. O-O
Bg4 9. Qd2 c5 10. Nde2 Bxe2 11. Qxe2 Nc6 12. Be3 a6 13. Rad1 Qc7 14. g4 h6 15.
f4 Nd4 16. Rxd4 cxd4 17. Bxd4 Qa5 18. h4 Ne8 19. g5 hxg5 20. hxg5 Nc7 21. Qh5
Ne6 22. Nd5 Bd8 23. Rf3 Qe1+ 24. Kh2 Qe2 25. Bxg7 Nxg7 26. Qh6 Qxf3 27. Bxf3
Rc8 28. c3 Rc5 29. Nf6+ Bxf6 30. gxf6 Ne8 31. Bg4 1-0

[Event "?"]
[Site "?"]
[Date "2011.06.03"]
[Round "5.18"]
[White "Haag, Ulrich"]
[Black "Andraschko, Felix"]
[Result "1/2-1/2"]
[WhiteElo "2155"]
[BlackElo "2071"]
[PlyCount "33"]
[EventDate "2011.??.??"]
[WhiteTeam "SV Backnang"]
[BlackTeam "SC Leinfelden"]

1. d4 d5 2. Nf3 Nf6 3. g3 b5 4. Bg2 e6 5. a4 b4 6. c4 bxc3 7. bxc3 Ba6 8. Nbd2
Nbd7 9. O-O Rc8 10. Re1 Be7 11. e4 dxe4 12. Nxe4 Nxe4 13. Rxe4 Bb7 14. Re1 c5
15. Be3 O-O 16. Qd3 Nf6 17. Bf4 1/2-1/2

[Event "?"]
[Site "?"]
[Date "2011.06.03"]
[Round "5.19"]
[White "Imhof, Thomas"]
[Black "Weidel, Albrecht"]
[Result "1/2-1/2"]
[WhiteElo "2082"]
[BlackElo "2154"]
[PlyCount "82"]
[EventDate "2011.??.??"]
[WhiteTeam "SGem Vaihingen-Rohr"]
[BlackTeam "SAbt TG Biberach"]

1. e4 e5 2. Nf3 Nc6 3. Bb5 a6 4. Ba4 Nf6 5. O-O Be7 6. Re1 b5 7. Bb3 O-O 8. c3
d6 9. h3 Be6 10. d4 Bxb3 11. Qxb3 exd4 12. cxd4 Na5 13. Qc2 c5 14. d5 Nd7 15.
b3 Bf6 16. Bb2 Re8 17. Bxf6 Qxf6 18. Nbd2 Rac8 19. Nf1 b4 20. Ne3 Ne5 21. Nxe5
Qxe5 22. Ng4 Qc3 23. Qxc3 bxc3 24. Rac1 f5 25. exf5 Rxe1+ 26. Rxe1 c4 27. b4
Nb3 28. Ne3 Re8 29. a4 Kf7 30. b5 axb5 31. axb5 Rxe3 32. Rxe3 c2 33. Rc3 c1=Q+
34. Rxc1 Nxc1 35. b6 c3 36. b7 c2 37. b8=Q Ne2+ 38. Kf1 c1=Q+ 39. Kxe2 Qc2+ 40.
Ke1 Qc1+ 41. Ke2 Qc2+ 1/2-1/2

[Event "?"]
[Site "?"]
[Date "2011.06.03"]
[Round "5.20"]
[White "Schuh, Karsten"]
[Black "Jehle, Anja"]
[Result "1-0"]
[WhiteElo "2249"]
[BlackElo "1934"]
[PlyCount "77"]
[EventDate "2011.??.??"]
[WhiteTeam "SC Böblingen 1975 e.V."]
[BlackTeam "SC Ingersheim e.V."]

1. c4 Nf6 2. Nc3 g6 3. g3 Bg7 4. Bg2 d6 5. Nf3 e5 6. d3 Nc6 7. Rb1 a5 8. a3 Bd7
9. b4 axb4 10. axb4 O-O 11. O-O Qc8 12. b5 Nd4 13. Bg5 h6 14. Bxf6 Bxf6 15. e3
Nxf3+ 16. Qxf3 Bg7 17. Qxb7 Ra3 18. Qxc8 Rxc8 19. Nd5 Kf8 20. Nb4 Ke7 21. Ra1
Rb3 22. Rfb1 Rxb1+ 23. Rxb1 f5 24. Bc6 Bxc6 25. Nxc6+ Kd7 26. Ra1 f4 27. Nb4
fxe3 28. fxe3 Bf6 29. Nd5 Bd8 30. Ra7 Ke6 31. Kf2 h5 32. Kf3 g5 33. Ke4 h4 34.
g4 c6 35. bxc6 Rxc6 36. Ra8 Kd7 37. Kf5 Rc5 38. Ra7+ Kc6 39. h3 1-0

[Event "?"]
[Site "?"]
[Date "2011.06.03"]
[Round "5.21"]
[White "Braun, Rüdiger-Thomas"]
[Black "Nabavi, Parwis"]
[Result "1/2-1/2"]
[WhiteElo "2030"]
[BlackElo "2226"]
[PlyCount "93"]
[EventDate "2011.??.??"]

1. e4 e5 2. Nf3 Nc6 3. Bc4 Bc5 4. b4 Bb6 5. O-O d6 6. c3 Nf6 7. a4 a6 8. d3 O-O
9. a5 Ba7 10. Bg5 h6 11. Be3 Ne7 12. Nbd2 Ng6 13. d4 exd4 14. cxd4 Qe7 15. Qc2
Kh8 16. Rfe1 Ng4 17. Rac1 Nxe3 18. Rxe3 Bg4 19. h3 Bxf3 20. Nxf3 Nf4 21. e5 d5
22. Ba2 c6 23. Bb1 g6 24. Qd2 Kg7 25. h4 Rae8 26. Rb3 Ne6 27. Rd1 f5 28. g3 h5
29. Kh1 Rf7 30. Rg1 Ref8 31. Rb2 Bb8 32. Nh2 Nxd4 33. Qxd4 Bxe5 34. Qd2 Bxb2
35. Qxb2+ Qf6 36. Qd2 Re7 37. Nf3 Rfe8 38. Nd4 Re5 39. Kg2 Qe7 40. Rd1 Re1 41.
Nxf5+ gxf5 42. Rxe1 Qxe1 43. Qg5+ Kf7 44. Bxf5 Rg8 45. Qxh5+ Kf8 46. Qh6+ Kf7
47. Qh5+ 1/2-1/2

[Event "?"]
[Site "?"]
[Date "2011.06.03"]
[Round "5.22"]
[White "Gentner, Markus"]
[Black "Melzner, Lukas"]
[Result "1/2-1/2"]
[WhiteElo "2023"]
[BlackElo "2183"]
[PlyCount "67"]
[EventDate "2011.??.??"]

1. Nf3 e6 2. d4 Nf6 3. e3 b6 4. Bd3 Bb7 5. Nbd2 c5 6. c3 Be7 7. O-O O-O 8. Qe2
Qc7 9. a4 a6 10. Ng5 h6 11. Nge4 Nxe4 12. Nxe4 c4 13. Bc2 b5 14. Bd2 d5 15. Ng3
Nd7 16. e4 dxe4 17. Nxe4 Bd6 18. f4 Rab8 19. axb5 Bxe4 20. Bxe4 Rxb5 21. Ra2
Nf6 22. Bc2 a5 23. g3 Ra8 24. Bc1 Rd5 25. Ra4 Rc8 26. Bb1 Qc6 27. Qc2 Rh5 28.
Rf2 Ng4 29. Rg2 Qf3 30. Qe2 Nxh2 31. Qxf3 Nxf3+ 32. Kf2 Rh1 33. Kxf3 Rxc1 34.
Bc2 1/2-1/2

[Event "?"]
[Site "?"]
[Date "2011.06.03"]
[Round "5.23"]
[White "Pelezki, Eugen"]
[Black "Montigel, Philipp"]
[Result "1-0"]
[WhiteElo "2016"]
[BlackElo "2176"]
[PlyCount "31"]
[EventDate "2011.??.??"]

1. c4 f5 2. Nc3 Nf6 3. d4 g6 4. h4 d6 5. h5 Nxh5 6. Rxh5 gxh5 7. e4 c6 8. Qxh5+
Kd7 9. Bf4 Qe8 10. Qxf5+ Kc7 11. Qa5+ b6 12. Qa4 Bg7 13. c5 Nd7 14. cxd6+ exd6
15. Rc1 Bf8 16. Nd5+ 1-0

[Event "?"]
[Site "?"]
[Date "2011.06.03"]
[Round "5.24"]
[White "Dorst, Johannes"]
[Black "Schuster, Gerhard"]
[Result "1-0"]
[WhiteElo "2162"]
[BlackElo "2015"]
[PlyCount "89"]
[EventDate "2011.??.??"]

1. e4 c6 2. d4 d5 3. Nc3 dxe4 4. Nxe4 Nd7 5. Ng5 Ngf6 6. Bd3 e6 7. N1f3 Bd6 8.
Qe2 h6 9. Ne4 Nxe4 10. Qxe4 Nf6 11. Qe2 Qc7 12. Bd2 b6 13. O-O-O Bb7 14. Ne5
O-O-O 15. f4 Rhf8 16. Rhe1 Nd7 17. Qg4 c5 18. Qxg7 Nxe5 19. dxe5 Be7 20. Be4
Bh4 21. Bxb7+ Qxb7 22. g3 Be7 23. Qh7 Rd4 24. Bc3 Ra4 25. Kb1 b5 26. b3 b4 27.
Bb2 Ra5 28. Qd3 Rd8 29. Qc4 Rd5 30. Rd3 Rxd3 31. Qxd3 Qa6 32. Rd1 Qxd3 33. Rxd3
Kc7 34. g4 Rb5 35. Rh3 Rb8 36. Rxh6 Rg8 37. g5 Kd7 38. Rh7 Ke8 39. c3 Kf8 40.
cxb4 cxb4 41. Bd4 a6 42. Kc2 Rg7 43. Rh8+ Rg8 44. Rxg8+ Kxg8 45. h4 1-0

[Event "?"]
[Site "?"]
[Date "2011.06.03"]
[Round "5.25"]
[White "Scheeff, Volker"]
[Black "Kaplunov, Vadym"]
[Result "1-0"]
[WhiteElo "2149"]
[BlackElo "1961"]
[PlyCount "49"]
[EventDate "2011.??.??"]

1. e4 c5 2. Nf3 d6 3. Bb5+ Nd7 4. d4 cxd4 5. Qxd4 a6 6. Bxd7+ Bxd7 7. O-O Bc6
8. c4 e6 9. Nc3 Nf6 10. Bg5 Be7 11. Rad1 h6 12. Bh4 Qa5 13. Rfe1 Qc5 14. Qd3
Rd8 15. Nd5 Rd7 16. b4 Qa7 17. Nxf6+ gxf6 18. b5 axb5 19. cxb5 Bxe4 20. Rxe4
Qxa2 21. Qc3 d5 22. Ree1 e5 23. Nxe5 d4 24. Qc8+ Rd8 25. Qxb7 1-0

[Event "?"]
[Site "?"]
[Date "2011.06.03"]
[Round "5.26"]
[White "Fahnenschmidt, Gerhard"]
[Black "Prestel, Oliver"]
[Result "1-0"]
[WhiteElo "2014"]
[BlackElo "2140"]
[PlyCount "138"]
[EventDate "2011.??.??"]

1. c4 e5 2. Nc3 Nf6 3. Nf3 Nc6 4. d4 e4 5. Nd2 Bb4 6. e3 Bxc3 7. bxc3 d6 8. Be2
O-O 9. O-O Re8 10. Rb1 Rb8 11. f3 Bf5 12. fxe4 Bg6 13. Bd3 Qe7 14. Qf3 Nd8 15.
g4 Nxe4 16. Nxe4 Bxe4 17. Bxe4 Qxe4 18. Qxe4 Rxe4 19. h3 Nc6 20. Kg2 Na5 21.
Rb4 c5 22. Ra4 b6 23. Kf3 Rbe8 24. Rf2 f6 25. Rb2 Kf7 26. Rb5 Nc6 27. Bd2 g6
28. Ra6 R4e7 29. Bc1 g5 30. Ra4 Kg6 31. Rb2 h5 32. Rg2 Na5 33. Bd2 Rc8 34.
gxh5+ Kxh5 35. e4 cxd4 36. cxd4 Rxc4 37. Rxc4 Nxc4 38. Bc3 Rc7 39. Be1 b5 40.
h4 a5 41. hxg5 fxg5 42. Rh2+ Kg6 43. Rh8 Rf7+ 44. Kg3 Rf1 45. Bf2 Nd2 46. Kg2
Ra1 47. Rg8+ Kf6 48. Rf8+ Ke7 49. Rf5 Nxe4 50. Be3 Ke6 51. Rxb5 Rxa2+ 52. Kf3
d5 53. Rb6+ Kf5 54. Bc1 Rf2+ 55. Ke3 Rc2 56. Bb2 a4 57. Rb4 Ke6 58. Kd3 Rc4 59.
Rb6+ Nd6 60. Ba3 Kf5 61. Rxd6 Rc8 62. Rxd5+ Kf4 63. Bd6+ Kg4 64. Be7 Rg8 65.
Ra5 Kf4 66. Rxa4 g4 67. Bd6+ Kf3 68. d5 Kf2 69. Rf4+ Kg2 1-0

[Event "?"]
[Site "?"]
[Date "2011.06.03"]
[Round "5.27"]
[White "Gabriel, Josef"]
[Black "Schmidt, Markus"]
[Result "1-0"]
[WhiteElo "2113"]
[BlackElo "1816"]
[PlyCount "55"]
[EventDate "2011.??.??"]

1. e4 d6 2. d4 Nf6 3. Bd3 g6 4. f4 Bg7 5. Nf3 O-O 6. O-O c6 7. Nc3 Qc7 8. e5
Nd5 9. Ne4 dxe5 10. fxe5 Nb4 11. Bc4 Bf5 12. Re1 e6 13. c3 Bxe4 14. Rxe4 Nd5
15. Qe1 Qe7 16. Bg5 Qc7 17. Qd2 c5 18. Bxd5 exd5 19. Rh4 f6 20. exf6 Bxf6 21.
Bxf6 Rxf6 22. Ng5 h5 23. Re1 Na6 24. g4 Qf4 25. Qxf4 Rxf4 26. Re6 Kg7 27. Rxa6
Kh6 28. Rxh5+ 1-0

[Event "?"]
[Site "?"]
[Date "2011.06.03"]
[Round "5.28"]
[White "Mock, Oskar"]
[Black "Keough, Robert"]
[Result "1-0"]
[WhiteElo "1993"]
[BlackElo "2106"]
[PlyCount "103"]
[EventDate "2011.??.??"]

1. d4 Nf6 2. Nf3 g6 3. g3 Bg7 4. Bg2 O-O 5. O-O d6 6. c4 Nc6 7. d5 Na5 8. Nfd2
c5 9. Qc2 e6 10. Nc3 exd5 11. cxd5 Re8 12. e4 Ng4 13. h3 Ne5 14. Rb1 b5 15.
Nxb5 Ba6 16. a4 Qb6 17. b4 cxb4 18. Rxb4 Rac8 19. Qb1 Qc5 20. Ba3 Bxb5 21. axb5
Qc3 22. Qa2 Nd3 23. Ra4 Nb7 24. Rc4 Rxc4 25. Nxc4 Bd4 26. Nxd6 Nxd6 27. Bxd6
Nxf2 28. Rxf2 Qe1+ 29. Bf1 Qxe4 30. Kh2 Bxf2 31. Qxf2 Qxd5 32. Bc5 Rc8 33. Bxa7
Qb3 34. Qe3 Qb2+ 35. Kg1 Qb1 36. Qe5 Rf8 37. Bd4 f6 38. Qe6+ Kg7 39. Qe7+ Rf7
40. Qd6 h6 41. h4 Qf5 42. b6 Rd7 43. Bxf6+ Kh7 44. Qf8 g5 45. Qh8+ Kg6 46. Bxg5
Qc5+ 47. Kh2 Qf2+ 48. Bg2 Rd1 49. Qxh6+ Kf5 50. Qf6+ Kg4 51. Qe6+ Qf5 52. Bh3+
1-0

[Event "?"]
[Site "?"]
[Date "2011.06.03"]
[Round "5.29"]
[White "Müller, Kai-Markus"]
[Black "Keller, Harald"]
[Result "0-1"]
[WhiteElo "1901"]
[BlackElo "2071"]
[PlyCount "70"]
[EventDate "2011.??.??"]
[WhiteTeam "SV Backnang"]
[BlackTeam "SV Rottweil"]

1. d4 Nf6 2. c4 e5 3. dxe5 Ng4 4. Bf4 Nc6 5. Nf3 Bc5 6. e3 f6 7. exf6 Qxf6 8.
Nc3 Nxf2 9. Qd5 Nb4 10. Ne4 Nxd5 11. Nxf6+ gxf6 12. Kxf2 Nxf4 13. b4 Bxb4 14.
exf4 Bc5+ 15. Kg3 Rg8+ 16. Kh4 d6 17. Re1+ Kf7 18. g3 Rg6 19. Ng5+ fxg5+ 20.
fxg5 h6 21. Bd3 hxg5+ 22. Kh5 Rf6 23. Rhf1 Rxf1 24. Bg6+ Kf6 25. Rxf1+ Ke5 26.
Re1+ Kd4 27. Re4+ Kc3 28. Re8 b6 29. Kxg5 Bb7 30. Re7 Ba6 31. Bf7 Bxc4 32. Rxc7
d5 33. h4 d4 34. h5 d3 35. h6 Bxf7 0-1

[Event "?"]
[Site "?"]
[Date "2011.06.03"]
[Round "5.30"]
[White "Maisch, Julian"]
[Black "Pfeifer, Wilfried"]
[Result "0-1"]
[WhiteElo "1913"]
[BlackElo "2040"]
[PlyCount "108"]
[EventDate "2011.??.??"]

1. e4 c6 2. d4 d5 3. e5 c5 4. c3 Nc6 5. f4 e6 6. Nf3 Nh6 7. Na3 Bd7 8. Nc2 Rc8
9. Bd3 cxd4 10. Ncxd4 Bc5 11. O-O Qb6 12. Bc2 O-O 13. Kh1 f6 14. Nxc6 bxc6 15.
exf6 gxf6 16. Qe1 Rf7 17. b4 Bf8 18. Be3 c5 19. Qh4 Nf5 20. Bxf5 exf5 21. bxc5
Bxc5 22. Nd4 Qb2 23. Qg3+ Rg7 24. Qf3 Kh8 25. Bf2 Bb6 26. Ne2 Bxf2 27. Qxf2 Bb5
28. Nd4 Qxf2 29. Rxf2 Bd3 30. Ne2 Re7 31. Ng3 Rxc3 32. Nh5 Rec7 33. h3 R7c6 34.
Re1 Be4 35. Kh2 Kg8 36. Rb2 Kf7 37. Ree2 Ke6 38. Rb7 Rc7 39. Reb2 d4 40. Ng7+
Kd7 41. R7b5 R7c5 42. Nh5 Rxb5 43. Rxb5 Rc2 44. Nxf6+ Kc6 45. Re5 Rxg2+ 46. Kh1
Re2+ 47. Nxe4 fxe4 48. Kg1 e3 49. f5 Rxa2 50. f6 Rf2 51. Re6+ Kd5 52. Ra6 d3
53. Ra3 Kc4 54. Rxa7 Rxf6 0-1

[Event "?"]
[Site "?"]
[Date "2011.06.03"]
[Round "5.31"]
[White "Gibicar, Danijel"]
[Black "Stierle, Martin"]
[Result "1/2-1/2"]
[WhiteElo "2037"]
[BlackElo "1977"]
[PlyCount "37"]
[EventDate "2011.??.??"]

1. d4 g6 2. c4 f5 3. h4 Bg7 4. h5 d6 5. Nc3 Nc6 6. Nf3 e5 7. Bg5 Qd7 8. hxg6
hxg6 9. Rxh8 Bxh8 10. e3 Bf6 11. dxe5 Nxe5 12. Bxf6 Nxf6 13. Qd4 Qe7 14. O-O-O
Bd7 15. Nd5 Nxd5 16. cxd5 a6 17. Kb1 Ng4 18. Rd2 Qf6 19. Bc4 1/2-1/2

[Event "?"]
[Site "?"]
[Date "2011.06.03"]
[Round "5.32"]
[White "Probst, Alexander"]
[Black "Gheng, Simona"]
[Result "1/2-1/2"]
[WhiteElo "1971"]
[BlackElo "2052"]
[PlyCount "96"]
[EventDate "2011.??.??"]

1. e4 c5 2. Nf3 d6 3. Bb5+ Bd7 4. Bxd7+ Nxd7 5. c4 g6 6. Nc3 Bg7 7. O-O e6 8.
b3 Ne7 9. d4 O-O 10. Bb2 a6 11. Re1 Nc6 12. Ne2 b5 13. cxb5 axb5 14. Qd2 Nb6
15. Red1 c4 16. d5 exd5 17. Bxg7 Kxg7 18. exd5 Ne5 19. Nxe5 dxe5 20. d6 Re8 21.
bxc4 Nxc4 22. Qd5 Re6 23. Qxb5 Nxd6 24. Qd3 Qa5 25. a4 Rc8 26. h3 Rc4 27. Qd5
Rc5 28. Qb3 Qc7 29. Rac1 Nc4 30. Ng3 f5 31. Nf1 Rb6 32. Qd3 Rd6 33. Qb3 Rdc6
34. Rb1 Kf6 35. Ne3 Nxe3 36. Qxe3 Rc4 37. Qh6 Rxa4 38. h4 Rd4 39. Rxd4 exd4 40.
Qf8+ Ke6 41. Qg8+ Kd6 42. Rb8 Qe7 43. Rd8+ Kc5 44. Qd5+ Kb6 45. Qxd4+ Kc7 46.
Ra8 Rc1+ 47. Kh2 Qd6+ 48. Qxd6+ Kxd6 1/2-1/2

[Event "?"]
[Site "?"]
[Date "2011.06.03"]
[Round "5.33"]
[White "Baskin, Robert"]
[Black "Osmanovic, Faruk"]
[Result "1/2-1/2"]
[WhiteElo "1940"]
[BlackElo "2093"]
[PlyCount "47"]
[EventDate "2011.??.??"]

1. e4 e5 2. Nf3 Nc6 3. Bb5 a6 4. Ba4 Nf6 5. d3 Bc5 6. O-O d6 7. c3 O-O 8. h3 b5
9. Bb3 Qe7 10. Re1 a5 11. a4 b4 12. Nbd2 Rb8 13. Nc4 bxc3 14. bxc3 Be6 15. Be3
Bxe3 16. Rxe3 Rb7 17. Ba2 Rfb8 18. d4 Bxc4 19. Bxc4 exd4 20. cxd4 Rb4 21. Qd3
Nh5 22. g3 Qd8 23. Rc1 Na7 24. Ra1 1/2-1/2

[Event "?"]
[Site "?"]
[Date "2011.06.03"]
[Round "5.34"]
[White "Mendzigall, Martin"]
[Black "Marquardt, Patrick"]
[Result "1/2-1/2"]
[WhiteElo "1928"]
[BlackElo "2031"]
[PlyCount "44"]
[EventDate "2011.??.??"]

1. e4 c5 2. Nf3 e6 3. d4 cxd4 4. Nxd4 a6 5. a3 Nf6 6. Nc3 Qc7 7. Bd3 Nc6 8.
Nxc6 dxc6 9. Be3 h5 10. h3 b5 11. f4 e5 12. Qf3 Bd6 13. O-O Bb7 14. Rad1 O-O-O
15. fxe5 Bxe5 16. Bc5 Rhe8 17. Qe3 Bxc3 18. bxc3 Nd5 19. Qd4 Nf4 20. Qe3 Nd5
21. Qd4 Nf6 22. Qe3 Nd5 1/2-1/2

[Event "?"]
[Site "?"]
[Date "2011.06.03"]
[Round "5.35"]
[White "Boyard, Marie"]
[Black "Giricz, Thomas"]
[Result "1/2-1/2"]
[WhiteElo "1989"]
[BlackElo "1840"]
[PlyCount "70"]
[EventDate "2011.??.??"]

1. e4 e6 2. d4 d5 3. exd5 exd5 4. Bd3 Bd6 5. Qf3 Ne7 6. Ne2 Nbc6 7. c3 Be6 8.
b4 Qd7 9. h3 Bf5 10. Bf4 Bxd3 11. Qxd3 Ng6 12. Bxd6 cxd6 13. O-O O-O 14. Nd2
Rac8 15. Rfc1 Rc7 16. Nf1 Rfc8 17. Ne3 Nce7 18. a4 Qe6 19. b5 f5 20. f4 Nf8 21.
Ra2 Nd7 22. g4 g6 23. gxf5 gxf5 24. Ng3 Nf6 25. Rg2 Kh8 26. Ngxf5 Nxf5 27. Nxf5
Ne4 28. Ng3 Rxc3 29. Rxc3 Rxc3 30. Qe2 Qxh3 31. Nxe4 Rc1+ 32. Kf2 dxe4 33. Qxe4
Qh4+ 34. Rg3 Qh2+ 35. Rg2 Qh4+ 1/2-1/2